000 00825nam a2200253 i 4500
001 16678
003 ES-MaACL
005 20250825122335.0
007 t|
008 001024s2000 sp |||| | spa d
020 _a84-397-0572-7
080 _a821.111-31"18"
100 0 _aStevenson, Robert Louis,
_d1850-1894
_9108169
245 1 3 _aEl extraño caso del Dr. Jekyll y Mr. Hyde /
_cRobert Louis Stevenson ; [traducción Rosa Regàs ; con una carta de Jorge Volpi].
250 _a1ª ed.
260 _aBarcelona :
_bMondadori,
_c2000.
300 _a144 p. ;
_c26 cm.
490 1 _aPerfiles, letra grande XL
700 1 _aRegàs, Rosa,
_d1933-2024
_9242068
700 1 _aVolpi, Jorge.
_9115716
830 0 _aPerfiles, letra grande XL
_9180018
852 _aES-MaACL
_jL-23899
999 _c16678
_d16678